=LDR 00000nam 2200000 4500 =001 INLIS000000000055617 =005 20200629120414 =035 ##$$a 0010-0620000057 =007 ta =008 200629################g##########0#ind## =082 ##$$a 2x3.53 =084 ##$$a 2x3.53 'Iya r =100 #$$a 'Iyad, Syukri Muhammad =245 1#$$a Rahasia hari perhitungan /$c Syukri Muhammad 'Iyad =260 ##$$a Bandung :$b Pustaka Hidayah,$c 2002 =300 ##$$a 218 hlm, ; $c 21 x 14 cm. =600 #4$$a Hari Qiamat =990 ##$$a 169.161/Pb-2002